| 000 | 02879nam a22003257a 4500 | ||
|---|---|---|---|
| 001 | EPSCPA 0008 | ||
| 003 | gtcocun | ||
| 005 | 20250820184057.0 | ||
| 006 | a||||gr|||| 00| 0 | ||
| 007 | ta | ||
| 008 | 250820b2015 gt ||||| m||| 00| 0 eng d | ||
| 040 |
_agtcocun _bSPA _cgtcocun _eRDA |
||
| 041 | _aSPA EPSCPA 0008 | ||
| 084 | _0EPSCPA 0008 | ||
| 100 |
_aReyes Godínez, José Domingo _eAutor |
||
| 245 |
_aINFORME FINAL DEL EJERCICIO PROFESIONAL SUPERVISADO REALIZADO EN PLANTA HIDROELÉCTRICA CHIXOY, SAN CRISTÓBAL VERAPAZ, ALTA VERAPAZ/ _cJosé Domingo Reyes Godínez. _hImpreso |
||
| 264 |
_aCobán, Alta Verapaz: _bUniversidad de San Carlos de Guatemala, Centro Universitario del Norte, Carrera de Contaduría Pública y Auditoría _c2015 |
||
| 300 |
_a109 p.: _bIlustraciones, gráficas. _c28 cm; |
||
| 336 |
_2rdacontenido _aTexto _btxt |
||
| 337 |
_2rdamedio _aComputadora _bn |
||
| 338 |
_2rdasoporte _aCódigo en línea _bcr |
||
| 502 | _eEPSCPA 0008 | ||
| 502 |
_aTesis de grado _bCarrera de Contaduría Pública y Auditoría, _cUniversidad de San Carlos de Guatemala, Centro Universitario del Norte, Carrera de Contaduría Pública y Auditoría _d2015 _oEPSCPA 0008 |
||
| 520 | 1 | 4 | _aLa Universidad de San Carlos de Guatemala a través del Centro Universitario del Norte brinda apoyo y enseñanza a diversos estudiantes, en las distintas carreras entre ellas en la Facultad de Ciencias Económicas, la carrera de Contaduría Pública y Auditoria en la fase final de cierre de pensum tiene la realización del Ejercicio Profesional Supervisado, que conlleva la confrontación de la teoría con la práctica, distribuido en cuatro fases siendo estas el diagnóstico, plan de trabajo, ejecución y presentación de informe final. La Primera fase de este ejercicio realizado en Planta Hidroeléctrica Chixoy, ubicada en San Cristóbal, Alta Verapaz, se elaboró un diagnóstico, a través de una entrevista preliminar que permitió el conocimiento general de la institución mediante diferentes técnicas de auditoría detectando y priorizando las intervenciones a trabajar. En la segunda fase se elaboró el plan de trabajo que fue utilizado para desvanecer las situaciones encontradas, detalladas en las diferentes actividades que fueron desarrolladas, durante la fase de ejecución del plan de trabajo se emplearon los conocimientos necesarios para minimizar la problemática de la institución y con ello apoyar en el fortalecimiento de los aspectos económicos, de cumplimiento y control interno, maximizando su eficiencia y eficacia. |
| 650 | 1 | 4 |
_2LEMB _aSan Cristóbal Verapaz, Alta Verapaz _xAuditoría _xDiagnóstico _xPlan de trabajo _xEjecución _xInforme final |
| 700 | _eAsesor | ||
| 856 |
_uSin archivo en línea _zSin archivo en línea |
||
| 942 |
_2ddc _cTES _iEPSCPA 0008 _kClasificación _n0 _6EPSCPA_0008_000000000000000 |
||
| 999 |
_c1240 _d1240 |
||